| 000 | 00470nam a22001457a 4500 | ||
|---|---|---|---|
| 999 |
_c1168 _d1168 |
||
| 008 | 200110b ||||| |||| 00| 0 eng d | ||
| 082 | 0 | 0 |
_a621.811076 _bA6371 |
| 100 |
_9752 _aAnvoner, S. |
||
| 245 | 1 | 0 |
_aSolution of Problems in Mechanics of Machines: General Dynamics in One , Two and Three Dimentions _cby S Anvoner |
| 260 |
_aLondon _bPitman Publishing _c1970 |
||
| 300 | _avii, 525 p. | ||
| 490 | 0 |
_aMetric Edition _vVol I |
|
| 650 | 0 | _aMachinery--Dynamics | |
| 942 | _cBK | ||